Keane lyrics to songs - Statistics

General Stats
  • This quiz has been taken 65 times
  • The average score is 7 of 10
Answer Stats
Hint Answer % Correct
Oh, simple thing, where have you gone?I'm gettin' old, and I need something to rely on Somewhere Only We Know
100%
If only I don't ____ ___ _____I'll meet you on the other side Bend & Break
84%
So little timeTry to understand that I'm Trying to make a move just to stay in the game I try to stay awake and remember my name Everybody's Changing
81%
Let's go down to the rides on East ParadeBy the lights of the Palace Arcade Sovereign Light Cafe
81%
You'll follow me back with the sun in your eyesAnd on your own ___ ______ In legs of stone Bedshaped
78%
Something I wasn't sure ofBut I was in the middle of Something I forget now But I've seen too little of This Is The Last Time
69%
I always thought that I knewI'd always have the right to Be living in the kingdom of the good and true Is It Any Wonder?
64%
I dreamed I was watchingThe young lovers dance I reached out to touch your hair But I was watching from a distance The Lovers Are Losing
52%
I wanna hand you my heart and let you carry the loadNobody tells you anything you need to know I need a friend but a friend is so hard to find I need an answer, but I'm always one step behind Tear Up This Town
45%
But ___ _______ ____ __ ________That I didn't already know No ___ _______ said a single thing That I didn't already know You Haven't Told Me Anything
45%
No matching quizzes found
Score Distribution
Percent of People with Each Score
Percentile by Number Answered
Your Score History
You have not taken this quiz